Statistics for The Most "Fair" Countries By Population

Click here to take the quiz!

General Stats

  • This quiz has been taken 18 times
  • The average score is 11 of 15

Answer Stats

PopulationCountry% Correct
46,934,632Spain
100%
44,938,712Argentina
94%
38,313,035Poland
94%
41,310,000Iraq
82%
38,915,730Canada
76%
35,218,169Saudi Arabia
76%
40,997,699Ukraine
76%
35,786,739Uzbekistan
76%
33,558,000Venezuela
76%
39,225,560Afghanistan
71%
37,016,370Morocco
71%
45,653,000Algeria
59%
34,825,000Angola
59%
34,358,385Malaysia
59%
46,935,450Sudan
53%

Score Distribution

Percentile by Number Answered

Percent of People with Each Score

Your Score History

You have not taken this quiz